[Event "12th SRB-ch Women 2018"]
[Site "Kragujevac"]
[Date "2018.03.17"]
[Round "1"]
[White "Gajcin, Marina"]
[Black "Velikic, Adela"]
[Result "1/2-1/2"]
[WhiteElo "2295"]
[BlackElo "2293"]
[Annotator "TA"]
[PlyCount "91"]
[EventDate "2018.??.??"]
[EventType "tourn"]
[EventCountry "SRB"]
[SourceTitle "playchess.com"]
[Source "ChessBase"]
[SourceQuality "1"]

{[%evp 9,91,0,0,0,0,0,0,0,7,0,22,0,0,-7,-12,-14,0,0,0,-4,0,5,18,0,0,10,27,0,0,0,21,22,35,33,35,29,36,17,110,112,142,99,169,159,162,166,243,256,254,247,227,183,260,267,262,258,252,243,474,477,652,644,633,629,533,29,30,19,18,0,0,0,0,0,0,0,0,0,10,0,0,0,0,-249]} 1. e4 c6 2. d4 d5 3. Nc3 dxe4 4. Nxe4 Bf5 5. Nc5 e5 6. Nxb7 {B18: Classical Caro-Kann: 4...Bf5 sidelines} Qb6 7. Nc5 $1 Bxc5 8. dxc5 Qxc5 9. c3 Nf6 10. Be3 Qe7 11. Bd3 (11. Nf3 {seems wilder.} Nbd7 12. Bc4 Nb6 13. Qe2 O-O 14. O-O) (11. Ne2 O-O 12. Ng3 Rd8 13. Qc1 Bg6 {½-½ (54) Ivanchuk,V (2738)-Navara,D (2737) Prague 2017}) 11... Bxd3 12. Qxd3 O-O 13. Ne2 Rd8 $146 ({Predecessor:} 13... Nd5 14. O-O Nd7 15. Ng3 Qe6 16. Rad1 N7f6 17. Bc5 e4 18. Qc4 Rfe8 19. Rfe1 {½-½ (19) Farkas,R (2307)-Feher,A (2356) Hungary 2016}) 14. Qc4 Nd5 15. O-O Qb7 16. Rab1 Qa6 17. Qh4 {[%cal Rh4d8] [#]} Nd7 {[%cal Bb8d7,Bd7f8,Bf8g6][%mdl 32]} 18. Ng3 (18. c4 $5 {[%cal Rc4d5]}) 18... Nf8 19. a3 Ng6 20. Qe4 Nf6 21. Qc2 Nd5 22. c4 Ndf4 23. Rfd1 Re8 (23... c5 $11 {remains equal.}) 24. Nf5 $16 Re6 25. g3 Nh5 (25... Qc8 $16) 26. Rd2 $18 Nf6 27. Rbd1 e4 (27... Qc8 $142 28. Nd6 Qc7) 28. Rd8+ Re8 29. Rxa8 Rxa8 30. Bd4 $36 {[%mdl 2048] Black is under strong pressure.} Qa5 (30... Qc8 {was worth a try.}) 31. c5 Qd8 32. Bxf6 Qxf6 33. Qxe4 Qxb2 $2 {[#]} (33... Qe6 34. Qxe6 fxe6) 34. Qxc6 Rb8 35. Qd6 h6 {Black hopes to continue with ...Rc8.} 36. c6 Rc8 {If only Black now had time for ...Qc2....} 37. c7 $2 (37. Qd7 $18 Rf8 38. c7) 37... Qc2 $11 38. Qd8+ Kh7 {The position is equal.} 39. Rd7 Qb1+ 40. Kg2 Qe4+ 41. Kf1 Qb1+ 42. Ke2 Qc2+ 43. Ke1 Qc1+ 44. Ke2 Qc2+ 45. Ke3 Qc3+ 46. Ke4 $2 {Precision: White = 55%, Black = 52%.} (46. Ke2 $11 {and White stays safe.} Qc2+) 1/2-1/2

[Event "12th SRB-ch Women 2018"]
[Site "Kragujevac"]
[Date "2018.03.17"]
[Round "1"]
[White "Eric, Jovana"]
[Black "Zarkovic, Mila"]
[Result "1-0"]
[WhiteElo "2265"]
[BlackElo "2219"]
[Annotator "TA"]
[PlyCount "153"]
[EventDate "2018.??.??"]
[EventType "tourn"]
[EventCountry "SRB"]
[SourceTitle "playchess.com"]
[Source "ChessBase"]
[SourceQuality "1"]

{[%evp 22,153,69,35,39,27,41,38,64,51,62,52,56,53,65,62,71,67,67,44,63,57,46,44,41,62,56,56,122,57,136,138,138,87,103,99,90,88,116,116,180,141,141,133,137,127,127,120,127,120,126,127,131,102,106,106,144,55,143,124,175,129,309,310,287,279,268,295,296,279,265,279,450,450,447,420,442,441,396,351,666,645,788,766,771,769,741,745,974,628,595,554,833,818,940,904,890,865,858,843,662,418,851,852,844,841,844,779,802,757,542,420,335,129,129,122,147,125,849,457,854,619,849,841,659,700,890,622,740,542,29979,29980,29985,29986]} 1. e4 d6 2. d4 Nf6 3. Nc3 e5 4. dxe5 dxe5 5. Qxd8+ Kxd8 6. Bc4 Be6 7. Bxe6 fxe6 8. f3 a6 9. Be3 {B07: Pirc Defence: Miscellaneous Systems} Bd6 10. Nh3 Ke7 11. Nf2 Nbd7 12. Nd3 {LiveBook: 10 Games} c5 13. a4 c4 14. Nf2 Bb4 $146 ({Predecessor:} 14... Bc5 15. Ke2 Rac8 16. a5 Bxe3 17. Kxe3 {1-0 (65) Khruschiov,A (2281)-Kasparov,S (2465) Minsk 2000}) 15. Ke2 Rac8 16. a5 Nb8 17. Ra4 Nc6 18. Rha1 $1 Nd7 19. Ncd1 Bd6 20. Bg5+ Kf7 21. Ne3 Nd4+ 22. Kf1 h6 23. Bh4 c3 {[#] Strongly threatening ...Nxc2!} 24. b3 Rc6 (24... Bc5 $14) 25. Nfd1 (25. Rd1 $16) 25... Nxb3 (25... g5 $14 26. Bf2 Ke7) 26. cxb3 $16 {Black must now prevent Rc4.} c2 27. Nxc2 (27. Rc4 $142 Be7 28. Rxc6 (28. Rxc2 Bxh4 29. Nc4 Rd8 $16) (28. Nxc2 Rxc4 29. bxc4 Bxh4 $11) 28... bxc6 29. Be1 (29. Nxc2 Bxh4 30. Nde3 Rb8 $14) 29... cxd1=N 30. Rxd1) 27... Rxc2 28. Ne3 Rc6 29. Nc4 {And now Rd1 would win.} Bc5 30. Rd1 Ke8 (30... Rc7 $16 31. Ra2 Bd4) 31. Rxd7 Kxd7 32. Nxe5+ Kc7 33. Rc4 Bd6 34. Nxc6 bxc6 {[%mdl 4096] Endgame KRB-KRB} 35. Bf2 Kd7 36. g3 g5 37. Ke2 Rb8 38. Bb6 c5 39. Ke3 ({Don't play} 39. Bxc5 $6 Bxc5 40. Rxc5 Rxb3 $14) ({White should try} 39. Rc3 $16) 39... e5 (39... Bc7 $14) 40. Rc3 Rb7 (40... Kc6 $16 {was necessary.} 41. Rc2 h5) 41. Kd3 $18 Rb8 $2 (41... Kc6 $16 42. Ke3 Kb5) 42. Kc4 ({Weaker is} 42. Bxc5 Bxc5 43. Rxc5 Rxb3+ 44. Kc4 Rxf3 $16) 42... Kc6 43. Rd3 Rb7 44. Rd5 Rf7 45. Bxc5 Bc7 46. Rd3 Bxa5 $2 (46... h5 47. b4 g4 48. fxg4 hxg4) 47. Rd6+ Kb7 48. Rxh6 Rxf3 49. b4 Bc7 50. Rg6 Ra3 $2 (50... Rf1 51. Rxg5 Rc1+ 52. Kb3 Kc6 53. Rg6+ Kb5) 51. Rxg5 a5 52. bxa5 Ra4+ 53. Kd5 Rxa5 54. Rg7 Kc8 55. Rg6 Bd8 56. Re6 Ra2 57. h4 {[%cal Bh2h4,Bh4h5,Bh5h6][%mdl 32]} Rg2 58. h5 Rxg3 59. h6 Rh3 60. Kxe5 Rh5+ 61. Kd4 Bg5 {[#]} (61... Kd7 $142) 62. Bf8 $1 Kd7 63. Rd6+ Ke8 64. Bg7 Kf7 65. e5 Be7 66. Ra6 Rh1 67. Ra7 $2 (67. Rc6 $18 {is more deadly.}) 67... Ke6 $16 68. Ke4 Rh4+ 69. Kf3 {aiming for Rxe7+!} Rh3+ $2 {[%mdl 8192]} (69... Bg5 $16 70. Ra5 Be7) 70. Kg2 $18 Rh5 71. Ra1 Bg5 72. Ra6+ Kf7 73. Kf3 {Kg4 is the strong threat.} Be7 74. e6+ Kg6 75. Ra7 Rf5+ 76. Ke4 Bd6 77. h7 {Precision: White = 64%, Black = 43%.} 1-0

[Event "12th SRB-ch Women 2018"]
[Site "Kragujevac"]
[Date "2018.03.17"]
[Round "1"]
[White "Blagojevic, Tijana"]
[Black "Injac, Teodora"]
[Result "0-1"]
[WhiteElo "2249"]
[BlackElo "2291"]
[Annotator "TA"]
[PlyCount "104"]
[EventDate "2018.??.??"]
[EventType "tourn"]
[EventCountry "SRB"]
[SourceTitle "playchess.com"]
[Source "ChessBase"]
[SourceQuality "1"]

{[%evp 11,104,39,54,48,45,37,50,43,44,41,37,38,57,27,51,51,58,42,53,0,0,-58,-41,-45,-48,-45,-46,-109,-100,-109,-106,-181,-173,-177,-178,-209,-216,-222,-226,-514,-231,-485,-450,-513,-441,-425,-428,-554,-554,-547,-547,-672,-655,-602,-529,-505,-441,-437,-358,-356,-349,-593,-583,-585,-568,-850,-868,-12831,-431,-381,0,-12831,-12830,-12831,-12831,-12823,-6399,-12836,-12837,-12833,-1022,-12843,-12843,-12844,-1822,-12843,-12843,-12844,-12844,-12848,-12848,-29987,-29988,-29988,-29989]} 1. e4 e6 2. d4 d5 3. Bd3 c5 4. exd5 Qxd5 (4... exd5 5. Nf3 Nf6 6. O-O c4 7. Re1+ Be7 8. Be2 O-O 9. b3 cxb3 10. axb3 Nc6 11. c3 Re8 12. Nbd2 Bd6 13. Bd3 Bg4 14. Rxe8+ Qxe8 {0-1 (52) Fontaine,R (2563)-Carlsen,M (2834) chess.com INT 2018}) 5. Nc3 Qd8 6. Nf3 {C01: French: Exchange Variation} Nc6 {LiveBook: 4 Games} 7. dxc5 Bxc5 8. Ne4 {White is slightly better.} Be7 9. O-O Nf6 10. Qe2 Qc7 11. Nxf6+ gxf6 $146 ({Predecessor:} 11... Bxf6 12. Qe4 Bd7 13. Bf4 Qb6 14. Rab1 Ne7 {½-½ (27) Kaminski,M (2540)-Psakhis,L (2565) Polanica Zdroj 1997}) 12. Be3 Bd7 13. a4 Rg8 14. Rfd1 f5 15. Bb5 ({White should play} 15. a5 $14) 15... a6 $1 $11 {[%cal Ra6b5]} 16. Bxc6 (16. Bc4 $11) 16... Bxc6 $15 17. Bd4 Qf4 18. Ne1 $1 O-O-O $40 {[%mdl 128] Black attacks.} 19. Be5 (19. Bb6 $1 $15) 19... Rxd1 $17 20. Rxd1 Qxa4 21. c4 (21. f3 $17) 21... Rg4 $19 {[#] White must now prevent ...Re4.} 22. f4 Be4 23. Bd6 Bxd6 24. Rxd6 Qb4 ({Wrong is} 24... Rxf4 $2 25. Qd2 $18) 25. Qd1 $2 {[#]} (25. Rd4 {might work better.}) 25... Qc5+ (25... Bd5 $142 $1 {[%mdl 512]} 26. Rxd5 (26. cxd5 Qxd6) 26... exd5) 26. Kh1 $2 (26. Qd4 Qxd4+ 27. Rxd4) 26... Rxf4 {[%cal Rf4f1]} 27. Rd8+ Kc7 {[%cal Rf4f1]} 28. Nf3 Bxf3 29. Rd7+ Kb8 {( -> ...Bxg2+)} 30. gxf3 Rxc4 {[%mdl 4096] Endgame And now ...Rc1 would win. KQR-KQR} 31. Qe2 Rc1+ 32. Rd1 Rxd1+ 33. Qxd1 {KQ-KQ} Kc7 34. Kg2 Qd5 35. Qc1+ Qc6 36. Qh6 $2 (36. Qd2) 36... Qc2+ 37. Kg3 Qxb2 38. Qxh7 Qf6 39. Kf2 Qd4+ (39... a5 $142 {...a4 is the strong threat.} 40. Qg8 a4) 40. Kg2 Qf6 41. Kf2 $1 a5 {[%cal Ba6a5,Ba5a4,Ba4a3][%mdl 32]} 42. Qg8 a4 43. Qf8 Qb2+ 44. Kg3 a3 45. Qxf7+ Kb8 (45... Kd6 $142 46. Qf8+ Kd5 47. Qd8+ Kc4 48. Qc8+ Kd3 49. Qd7+ Ke2 50. Qxe6+ Kf1) 46. Qe7 Qe5+ 47. f4 Qe3+ (47... Qc3+ $142 48. Kf2 a2 49. Qe8+ Qc8) 48. Kg2 Qd2+ 49. Kh3 Qc3+ 50. Kh4 a2 51. Qe8+ Qc8 52. Qa4 Qh8+ {Precision: White = 37%, Black = 67%.} 0-1

[Event "12th SRB-ch Women 2018"]
[Site "Kragujevac"]
[Date "2018.03.17"]
[Round "1"]
[White "Benderac, Ana"]
[Black "Milosevic, Jovana"]
[Result "1-0"]
[WhiteElo "2226"]
[BlackElo "2109"]
[Annotator "TA"]
[PlyCount "127"]
[EventDate "2018.??.??"]
[EventType "tourn"]
[EventCountry "SRB"]
[SourceTitle "playchess.com"]
[Source "ChessBase"]
[SourceQuality "1"]

{[%evp 10,127,-12,-19,2,12,3,2,0,-15,8,-12,-12,-23,-18,-13,-17,-20,0,-6,18,18,22,20,63,37,29,35,129,118,111,91,95,85,105,84,93,86,127,123,122,127,126,115,206,184,184,175,187,189,195,194,204,186,189,189,189,188,189,189,184,180,197,180,213,220,237,236,241,223,216,200,223,223,223,223,223,223,222,222,222,222,291,282,295,188,304,308,373,360,318,124,310,318,424,424,408,408,533,537,542,518,511,495,701,671,847,600,1795,1801,1677,1632,1701,1700,29972,29973,29976,29977,29976,29973]} 1. d4 d5 2. Nf3 Nf6 3. e3 e6 4. Nbd2 c5 5. c4 Nc6 {[%cal Bb8c6,Bc6e5,Be5f3][%mdl 32]} 6. cxd5 {LiveBook: 6 Games. D30: Queen's Gambit Declined: Systems without Nc3} Nxd5 7. Bb5 Bd7 {[%cal Bc8d7,Bd7c6,Bc6b5][%mdl 32]} 8. O-O {The position is equal.} cxd4 9. exd4 (9. Bxc6 $5 bxc6 10. exd4 $11) 9... Ne5 $146 ({Find the theoretical novelty and annotate with similar games:} 9... Be7 10. Bd3 Ncb4 11. Be4 Bb5 12. Re1 O-O 13. Nf1 Bc4 {1-0 (30) Toth,A (2429)-Varini,M (2061) Trieste 2004}) 10. Be2 Nxf3+ 11. Bxf3 Bc6 12. Nc4 Be7 13. Ne5 Bb5 14. Re1 Bb4 15. Bd2 Bxd2 16. Qxd2 a5 17. Rac1 O-O 18. Rc5 $36 {[%mdl 2048] White has good play.} Qb6 ({Black should play} 18... Be8 $14) 19. Bxd5 $16 exd5 20. Rxd5 Rad8 21. Rxd8 Rxd8 {[#]} 22. Rd1 $1 f6 {[#]} 23. Ng4 $1 Bc4 24. b3 Be6 25. Ne3 Bd5 26. Qc3 Qb4 (26... Rd7 $16 27. Qb2 Qd8) 27. Qxb4 axb4 $18 {[%mdl 4096] Endgame KRB-KRN} 28. Nc2 Kf7 29. Nxb4 Ke6 30. Re1+ Kf7 31. f3 Be6 32. Rd1 Ke7 33. Kf2 Kd6 34. Rc1 Ra8 35. Ke3 Ra5 36. g3 Rb5 37. Nd3 b6 38. Nf4 Bd7 39. Rc3 Ra5 40. a4 g6 41. Ne2 Ra8 42. Rc1 b5 43. axb5 Ra3 44. Rb1 Bxb5 45. Nc3 Bd7 46. Ne4+ Ke7 47. Kd3 f5 (47... Be6 $142 48. Kc3 Ra8) 48. Nc3 Kd6 49. Kc4 Ra8 50. Nb5+ $2 (50. d5 $18) 50... Ke7 $2 (50... Bxb5+ $16 {is a better defense.} 51. Kxb5 Ra2) 51. Re1+ Kf6 52. Nc3 Rc8+ 53. Kd3 Rb8 54. Nd5+ Kg5 55. h4+ Kh6 56. Re7 Rxb3+ (56... Bb5+ $142 57. Kc3 Bc6) 57. Kc4 Rb7 58. Kc5 Bc8 59. Rxb7 Bxb7 60. f4 Kg7 61. Kd6 h6 62. Nc3 {White mates.} g5 63. hxg5 hxg5 64. Kc7 {Precision: White = 83%, Black = 26%.} 1-0

[Event "12th SRB-ch Women 2018"]
[Site "Kragujevac"]
[Date "2018.03.17"]
[Round "1"]
[White "Djukic, Sandra"]
[Black "Chelushkina, Irina"]
[Result "1/2-1/2"]
[WhiteElo "2174"]
[BlackElo "2261"]
[Annotator "NA RC"]
[PlyCount "87"]
[EventDate "2018.??.??"]
[EventType "tourn"]
[EventCountry "SRB"]
[SourceTitle "playchess.com"]
[Source "ChessBase"]
[SourceQuality "1"]
[TimeControl "40/5400+30:1800+30"]

1. d4 {[%emt 0:00:00]} e6 {[%emt 0:00:07]} 2. c4 {[%emt 0:00:00]} d5 {[%emt 0:00:18]} 3. Nc3 {[%emt 0:00:12]} c5 {[%emt 0:00:14]} 4. cxd5 {[%emt 0:00:56]} exd5 {[%emt 0:00:06]} 5. Nf3 {[%emt 0:00:20]} Nc6 {[%emt 0:00:04]} 6. g3 {[%emt 0:01:15]} c4 {[%emt 0:01:42]} 7. Bg2 {[%emt 0:01:10]} Bb4 {[%emt 0:00:07]} 8. O-O {[%emt 0:00:22]} Nge7 {[%emt 0:00:04]} 9. Ne5 {[%emt 0:12:10]} O-O {[%emt 0:04:24]} 10. Nxc6 {[%emt 0:00:49]} bxc6 {[%emt 0:00:05]} 11. e4 {[%emt 0:04:07]} dxe4 {[%emt 0:23:47]} 12. Nxe4 {[%emt 0:05:43]} Be6 {[%emt 0:01:09]} 13. Bg5 {[%emt 0:32:27]} h6 {[%emt 0:10:55]} 14. Bd2 {[%emt 0:16:26]} Qa5 {[%emt 0:10:55]} 15. Bxh6 {[%emt 0:07:51]} gxh6 {[%emt 0:18:52]} 16. a3 {[%emt 0:00:10]} Kg7 {[%emt 0:05:45]} 17. axb4 {[%emt 0:02:02]} Qxb4 {[%emt 0:00:00]} 18. Nc5 {[%emt 0:02:37]} Bf5 {[%emt 0:04:15]} 19. g4 {[%emt 0:06:18]} Bd3 {[%emt 0:02:07]} 20. Nxd3 {[%emt 0:01:03]} cxd3 {[%emt 0:00:01]} 21. Qxd3 {[%emt 0:00:08]} Rad8 {[%emt 0:02:48]} 22. Rfd1 {[%emt 0:04:15]} c5 {[%emt 0:06:06]} 23. d5 {[%emt 0:00:31]} Qxb2 {[%emt 0:00:35]} 24. Rxa7 {[%emt 0:00:28]} Ng6 {[%emt 0:00:04]} 25. Qf3 {[%emt 0:00:34]} Rd6 {[%emt 0:04:16]} 26. Rc7 {[%emt 0:00:25]} Qc2 {[%emt 0:02:49]} 27. Qd3 {[%emt 0:00:31]} Qxd3 {[%emt 0:00:34]} 28. Rxd3 {[%emt 0:00:05]} Nf4 {[%emt 0:00:07]} 29. Rd1 {[%emt 0:00:58]} Ne6 {[%emt 0:00:13]} 30. Rc6 {[%emt 0:00:29]} Rxc6 {[%emt 0:00:27]} 31. dxc6 {[%emt 0:00:06]} Nd4 {[%emt 0:00:01]} 32. Kf1 {[%emt 0:00:23]} Rc8 {[%emt 0:00:05]} 33. Rc1 {[%emt 0:00:23]} Nxc6 {[%emt 0:00:04]} 34. Rxc5 {[%emt 0:00:10]} Ne7 {[%emt 0:00:04]} 35. Rxc8 {[%emt 0:00:24]} Nxc8 {[%emt 0:00:01]} 36. f4 {[%emt 0:00:40]} Ne7 {[%emt 0:01:14]} 37. Be4 {[%emt 0:00:25]} Nc8 {[%emt 0:02:04]} 38. Kf2 {[%emt 0:00:20]} Nd6 {[%emt 0:00:10]} 39. Bd3 {[%emt 0:00:30]} f6 {[%emt 0:00:06]} 40. Ke3 {[%emt 0:00:34]} Kf7 {[%emt 0:30:07]} 41. Kd4 {[%emt 0:30:52]} Ke7 {[%emt 0:00:07]} 42. Kd5 {[%emt 0:01:01]} Ne8 {[%emt 0:00:34]} 43. h4 {[%emt 0:00:00]} Nd6 {[%emt 0:00:00]} 44. g5 {[%emt 0:00:00]} 1/2-1/2

[Event "12th SRB-ch Women 2018"]
[Site "Kragujevac"]
[Date "2018.03.18"]
[Round "2"]
[White "Gajcin, Marina"]
[Black "Eric, Jovana"]
[Result "1/2-1/2"]
[WhiteElo "2295"]
[BlackElo "2265"]
[Annotator "RC"]
[PlyCount "160"]
[EventDate "2018.??.??"]
[EventType "tourn"]
[EventCountry "SRB"]
[SourceTitle "playchess.com"]
[Source "ChessBase"]
[SourceQuality "1"]
[TimeControl "40/5400+30:1800+30"]

1. e4 {[%emt 0:00:00]} g6 {[%emt 0:00:06]} 2. d4 {[%emt 0:03:22]} Bg7 {[%emt 0:00:18]} 3. Nc3 {[%emt 0:00:32]} c6 {[%emt 0:00:22]} 4. Be3 {[%emt 0:04:12]} d5 {[%emt 0:01:47]} 5. h3 {[%emt 0:07:00]} dxe4 {[%emt 0:03:50]} 6. Nxe4 {[%emt 0:00:08]} Nd7 {[%emt 0:00:18]} 7. Qd2 {[%emt 0:02:24]} Ngf6 {[%emt 0:00:49]} 8. Nc3 {[%emt 0:04:09]} O-O {[%emt 0:05:41]} 9. Bh6 {[%emt 0:02:31]} Bxh6 {[%emt 0:05:20]} 10. Qxh6 {[%emt 0:00:06]} Nb6 {[%emt 0:00:03]} 11. Nf3 {[%emt 0:03:01]} Bf5 {[%emt 0:03:55]} 12. Qd2 {[%emt 0:12:22]} Nbd5 {[%emt 0:03:57]} 13. Bd3 {[%emt 0:03:46]} Bxd3 {[%emt 0:04:47]} 14. Qxd3 {[%emt 0:03:01]} Qa5 {[%emt 0:12:06]} 15. O-O {[%emt 0:00:27]} Nf4 {[%emt 0:02:12]} 16. Qe3 {[%emt 0:06:56]} Qf5 {[%emt 0:03:59]} 17. Rfe1 {[%emt 0:06:20]} g5 {[%emt 0:08:38]} 18. Qe5 {[%emt 0:04:50]} Qxe5 {[%emt 0:32:43] Qxe5 ([%clk 0:08:39]} 19. dxe5 {[%emt 0:09:33]} N6d5 {[%emt 0:00:05]} 20. Nxd5 {[%emt 0:00:47]} cxd5 {[%emt 0:00:05]} 21. Nxg5 {[%emt 0:00:39]} Rac8 {[%emt 0:00:06]} 22. c3 {[%emt 0:06:02]} Rc5 {[%emt 0:01:07]} 23. Rad1 {[%emt 0:03:00]} h6 {[%emt 0:00:12]} 24. Nf3 {[%emt 0:00:06]} Rfc8 {[%emt 0:00:27]} 25. Nd4 {[%emt 0:01:02]} e6 {[%emt 0:01:07]} 26. Kf1 {[%emt 0:01:12]} Kf8 {[%emt 0:01:48]} 27. g3 {[%emt 0:00:22]} Ng6 {[%emt 0:00:30]} 28. Re3 {[%emt 0:01:29]} Ke8 {[%emt 0:00:54]} 29. Ke2 {[%emt 0:00:15]} Kd7 {[%emt 0:01:29]} 30. f4 {[%emt 0:00:07]} Ne7 {[%emt 0:00:09]} 31. g4 {[%emt 0:00:37]} Nc6 {[%emt 0:01:06]} 32. Nxc6 {[%emt 0:02:27]} R8xc6 {[%emt 0:00:05]} 33. h4 {[%emt 0:00:50]} Rb6 {[%emt 0:00:44]} 34. Rd2 {[%emt 0:00:57]} Rcb5 {[%emt 0:00:50]} 35. b4 {[%emt 0:00:51]} Ra6 {[%emt 0:00:47]} 36. h5 {[%emt 0:00:20]} Rc6 {[%emt 0:01:11]} 37. g5 {[%emt 0:02:31]} Rc8 {[%emt 0:00:09]} 38. Rg3 {[%emt 0:01:39]} Ke7 {[%emt 0:00:28]} 39. gxh6 {[%emt 0:04:07]} Rh8 {[%emt 0:00:04]} 40. Kf3 {[%emt 0:00:06]} Rxh6 {[%emt 0:30:12]} 41. Kg4 {[%emt 0:32:39]} Rb6 {[%emt 0:01:24]} 42. Kg5 {[%emt 0:00:05]} Rh7 {[%emt 0:00:04]} 43. h6 {[%emt 0:00:00]} Rc6 {[%emt 0:00:00]} 44. Kh5 {[%emt 0:00:00]} Rh8 {[%emt 0:00:00]} 45. Rdd3 {[%emt 0:00:00]} Rc4 {[%emt 0:00:00]} 46. Rd4 {[%emt 0:00:00]} Rc6 {[%emt 0:00:00]} 47. Rd2 {[%emt 0:00:00]} Rc4 {[%emt 0:00:00]} 48. Rf3 {[%emt 0:00:00]} Re4 {[%emt 0:00:00]} 49. Rg2 {[%emt 0:00:00]} Re1 {[%emt 0:00:00]} 50. Rh3 {[%emt 0:00:00]} Rf1 {[%emt 0:00:00]} 51. Rg4 {[%emt 0:00:00]} b5 {[%emt 0:00:00]} 52. Kg5 {[%emt 0:00:00]} Rg8+ {[%emt 0:00:00]} 53. Kh4 {[%emt 0:00:00]} Rh8 {[%emt 0:00:00]} 54. Kg3 {[%emt 0:00:00]} Rc1 {[%emt 0:00:00]} 55. Kh2 {[%emt 0:00:00]} Kf8 {[%emt 0:00:00]} 56. Rg2 {[%emt 0:00:00]} Rf1 {[%emt 0:00:00]} 57. a4 {[%emt 0:01:23]} bxa4 {[%emt 0:00:00]} 58. Ra2 {[%emt 0:00:03]} Rxf4 {[%emt 0:00:00]} 59. Rxa4 {[%emt 0:00:14]} Kg8 {[%emt 0:00:43]} 60. Rxa7 {[%emt 0:02:54]} Kh7 {[%emt 0:00:06]} 61. Ra2 {[%emt 0:01:49]} Rg8 {[%emt 0:03:26]} 62. Rg2 {[%emt 0:03:47]} Rxg2+ {[%emt 0:02:18]} 63. Kxg2 {[%emt 0:00:01]} d4 {[%emt 0:00:06]} 64. Rf3 {[%emt 0:02:52]} Rg4+ {[%emt 0:01:55]} 65. Kh3 {[%emt 0:00:04]} Re4 {[%emt 0:00:05]} 66. cxd4 {[%emt 0:00:47]} Rxd4 {[%emt 0:00:38]} 67. Rb3 {[%emt 0:00:33]} Kxh6 {[%emt 0:00:27]} 68. b5 {[%emt 0:00:16]} Kg5 {[%emt 0:00:44]} 69. b6 {[%emt 0:00:07]} Rd8 {[%emt 0:00:04]} 70. Kg3 {[%emt 0:01:07]} Kf5 {[%emt 0:00:16]} 71. Rb5 {[%emt 0:00:36]} f6 {[%emt 0:02:29]} 72. Kf3 {[%emt 0:01:01]} fxe5 {[%emt 0:00:33]} 73. Ke3 {[%emt 0:00:09]} Kf6 {[%emt 0:00:37]} 74. Ke4 {[%emt 0:00:47]} Rd4+ {[%emt 0:00:08]} 75. Ke3 {[%emt 0:00:04]} Rd8 {[%emt 0:00:04]} 76. b7 {[%emt 0:01:24]} Rb8 {[%emt 0:00:06]} 77. Ke4 {[%emt 0:00:18]} Ke7 {[%emt 0:00:04]} 78. Kxe5 {[%emt 0:00:10]} Kd7 {[%emt 0:00:04]} 79. Rb1 {[%emt 0:00:10]} Kc7 {[%emt 0:00:09]} 80. Kxe6 {[%emt 0:00:05]} Rxb7 1/2-1/2